000 00615nam a22002057a 4500
005 20250613114050.0
010 _aENG-145355
020 _a9788182941083
_c200.00
035 _aEN-128887
037 _bDBAD
082 _a230.35
_21
100 _aRao, Venkateswara
_981986
245 _aMemories of My Village Legends of My Time/
_cVenkateswara Rao [and] Mallampati
250 _a1
260 _aKolkata
_bAlakananda publishers
_c2021
270 _a35/3 Beniatola lane
_bKolkata
_e700009
300 _a269p.
_c22cm(pb)
700 _aMallampati
_eAuthor
_981987
942 _2ddc
_cEN
_h230.35
_mRAO
999 _c211788
_d211788